000 00237nam a2200097Ia 4500
008 170619s9999 xx 000 0 und d
100 _aGupta A S
245 0 _aCalculas of Variations with Application
260 _bNew Delhi: PHI
260 _c1999
546 _aENGLISH
999 _c16332
_d16332